Statistics for Florida Wildlife Series #2: Reptiles

Click here to take the quiz!

General Stats

  • This quiz has been taken 106 times
  • The average score is 10 of 12

Answer Stats

Answer% Correct
American Alligator
100%
Painted Turtle
100%
Black Spinytail Iguana
98%
American Crocodile
95%
Eastern Diamondback Rattlesnake
93%
Common House Gecko
92%
Gopher Tortoise
86%
Loggerhead Sea Turtle
86%
Snapping Turtle
83%
Curlytailed Lizard
82%
Eastern Coral Snake
72%
Green Anole
61%

Score Distribution

Percentile by Number Answered

Percent of People with Each Score

Your Score History

You have not taken this quiz